| 000 | 00652nam a22001937a 4500 | ||
|---|---|---|---|
| 005 | 20160804110056.0 | ||
| 010 | _aENG-115628 | ||
| 020 |
_a9789351437154 _c2495.00 |
||
| 035 | _aEN-99160 | ||
| 037 | _bDBAD/PUB | ||
| 082 | _a347.54077 | ||
| 100 | _aBanerjee, Bhaskar Prosad | ||
| 245 |
_aWrit remedies: _bremediable rights under public law : including High Court rules and guidelines for drafting writ petition / _cby Bhaskar Prosad Banerjee |
||
| 250 | _a7th ed. | ||
| 260 |
_aGurgaon _bLexisNexis _c2016 |
||
| 300 |
_aclix,1572p.: _c28cm (Hb) |
||
| 500 | _aIncludes subject index | ||
| 942 |
_2ddc _cEN _e7th ed. _h347.54077 _mBAN |
||
| 999 |
_c101772 _d101772 |
||